000 00343 a2200157 4500
001 75799
020 _a
040 _cAnchieta - Colégio São Paulo
100 _aMachado, Ana Maria
240 1 0 _aCachinhos de Ouro
_lpor
245 1 0 _aCachinhos de Ouro
300 _a[21]
362 0 _a1996
650 4 _aLiteratura infantil
942 _cBK
999 _c75799
_d75799